Ein fürstentüm im Herzen der Pyrenäen (Record no. 87435)

MARC details
000 -LEADER
campo de control de longitud fija 00525nam a2200169 i 4500
001 - NÚMERO DE CONTROL
campo de control 87435
003 - IDENTIFICADOR DE NÚMERO DE CONTROL
campo de control ES-MaACL
005 - FECHA Y HORA DE LA ÚLTIMA TRANSACCIÓN
campo de control 20230906175654.0
007 - CAMPO FIJO DE DESCRIPCIÓN FÍSICA--INFORMACIÓN GENERAL
campo de control de longitud fija t|
008 - DATOS DE LONGITUD FIJA--INFORMACIÓN GENERAL
campo de control de longitud fija 041221s1958 sp ||||1| ger d
100 1# - ENTRADA PRINCIPAL--NOMBRE DE PERSONA
Nombre de persona Kucera, Enrique.
9 (RLIN) 68945
245 14 - MENCIÓN DEL TÍTULO
Título Ein fürstentüm im Herzen der Pyrenäen
Resto del título : Andorra /
Mención de responsabilidad, etc. von Heinrich Kucera.
260 ## - PUBLICACIÓN, DISTRIBUCIÓN, ETC.
Lugar de publicación, distribución, etc. Barcelona :
Nombre del editor, distribuidor, etc. Enrique Kucera,
Fecha de publicación, distribución, etc. [1958] (
Fabricante S.A.D.A.G.)
300 ## - DESCRIPCIÓN FÍSICA
Extensión 63 p. ;
Dimensiones 14 cm.
651 #4 - PUNTO DE ACCESO ADICIONAL DE MATERIA--NOMBRE GEOGRÁFICO
Nombre geográfico Andorra-
Subdivisión de forma Guías turísticas.
9 (RLIN) 152034
852 ## - LOCALIZACIÓN
Ubicación ES-MaACL
Número de control de estantería D-8376
Sublocalización o colección R.42450
Holdings
Estatus retirado Estado de pérdida Estado de daño No para préstamo Biblioteca de origen Biblioteca actual Ubicación en estantería Fecha de adquisición Fuente de adquisición Total de préstamos Signatura topográfica completa Código de barras Visto por última vez Precio de reemplazo Tipo de ítem Koha
        Biblioteca del Ateneo de Madrid Biblioteca del Ateneo de Madrid Sala Valle Inclán 17/01/2008     D-8376 901091346 23/02/2023 23/02/2023 Libro impreso